000 00820nam a22002297a 4500
999 _c17299
_d17299
003 AR-CdUCM
008 190508b ||||| |||| 00| 0 spa d
040 _aMUNICIPALIDAD PROVINCIAL DEL CUSCO
_cBIBLIOTECA MUNICIPAL DEL CUSCO
082 _a330.940 /
_bF83
100 _aFriedlaender, H. E.
_937224
245 _aHistoria económica de la Europa moderna /
260 _aMéxico :
_bFondo de cultura económica;
_c1953.
300 _a695 páginas;
_c25 cm.
505 _aContenido : Agricultura Europea -- Nacimiento del capitalismo -- Agricultura Europea -- Inversiones extranjeras...
650 _aAgricultura Europea
_937225
650 _aLa industrialización
_937226
650 _aComercio
_9322
650 _aAgricultura feudal
_937227
700 _aOser, J.
_937228
942 _2ddc
_cLIBROS
945 _arcc